00000000cam 2200000zi 4500
0019.962633
003CaOODSP
00520260508150712
006m     o  d f      
007cr |n|||||||||
008260507t20082008oncdab  ob   f|0| 0 eng d
040 |aCaOODSP|beng|erda|cCaOODSP
043 |an-cn-nt|an-cn-nu
0861 |aM183-2/5643E-PDF
24500|aRemote predictive mapping : |ban aid for nothern mapping / |cedited by J.R. Harris.
264 1|aOttawa : |bGeological Survey of Canada, |c2008.
264 4|c©2008
300 |a1 online resource (iv, 296 pages) : |bcharts, illustrations, maps.
336 |atext|btxt|2rdacontent
337 |acomputer|bc|2rdamedia
338 |aonline resource|bcr|2rdacarrier
4901 |aOpen file ; |v5643
504 |aIncludes bibliographical references.
650 0|aGeological mapping|zNorthwest Territories|xMethodology.
650 0|aGeological mapping|zNunavut|xMethodology.
650 6|aCartographie géologique|zTerritoires du Nord-Ouest|xMéthodologie.
650 6|aCartographie géologique|zNunavut|xMéthodologie.
7001 |aHarris, Jeff R.|q(Jeffrey Richard),|d1953-
7102 |aGeological Survey of Canada, |eissuing body.
830#0|aOpen file (Geological Survey of Canada)|v5643.|w(CaOODSP)9.506878
85640|qPDF|s465 MB|uhttps://publications.gc.ca/collections/collection_2026/rncan-nrcan/m183-2/M183-2-5643-eng.pdf
8564 |qHTML|sN/A|uhttps://doi.org/10.4095/225997